深海の生き物 画像クイズ - Statistics

General Stats
  • This quiz has been taken 180 times
  • The average score is 10 of 16
Answer Stats
Picture Answer % Correct
チョウチンアンコウ
99%
ダイオウグソクムシ
95%
ダイオウイカ
92%
シーラカンス
89%
タカアシガニ
87%
リュウグウノツカイ
87%
メンダコ
82%
マッコウクジラ
80%
オウムガイ
80%
ラブカ
66%
デメニギス
53%
ヌタウナギ
44%
フクロウナギ
34%
センジュナマコ
25%
ヨロイザメ
12%
ヨコズナイワシ
4%
No matching quizzes found
Score Distribution
Percent of People with Each Score
Percentile by Number Answered
Your Score History
You have not taken this quiz